000 00794nam a22002297a 4500
005 20170124110159.0
010 _aA-409824
020 _c300.00
035 _aA-409824
037 _bCen Lib/Ret
040 _aDPL
_bEN
082 _a025.43
_bBAB
100 _aBaba, Abdul Majid
_935789
245 _aDewey decimal classification, Universal decimal classification, and Colon classification :
_cby Abdul Majid Baba
_bdevelopment, structure, comparison /
260 _aKashmir
_bGulshan Publishers
_c1988
270 _bSrinagar
_aGow Kadal
300 _axvi,480p.
_c20cm(Hb)
500 _aIncludes bibliographical references and index
650 _aClassification -- Books
_y
_935790
650 _aClassification, Dewey decimal
_935791
942 _2ddc
_cEN
_h025.43
_mBAB
999 _c132800
_d132800